000 00558nam a2200169 a 4500
008 120416s1970 ||||||||||||||||| || u
020 _a0713132329
050 _aTJ 170 Han
100 _aHannah, John
245 1 0 _aMechanics of machines
246 _aelementary theory and examples
250 _a3rd ed.
260 _aLondon
_bEdward Arnold
_c1970
300 _aviii, 232p. : ill.
350 _a0.00
995 _D0.00
_FCBU-MAIN LIBRARY (Kitwe)
_H1
_I9.95
_UAVAILABLE
_ZMain Library Open Access Collection
999 _c50915
_d50915